[Event "escc2023_50"]
[Site "?"]
[Date "2023.06.03"]
[Round "9.12"]
[White "Dieu, Bruno"]
[Black "De Santis, Alessio"]
[Result "0-1"]
[BlackElo "2117"]
[WhiteElo "2251"]
[LiveChessVersion "1.4.8"]

1. Nc3 {[%clk 1:30:58]} c5 {[%clk 1:24:58]} 2. Nf3 {[%clk 1:30:41]} e6
{[%clk 1:23:41]} 3. d4 {[%clk 1:31:06]} cxd4 {[%clk 1:23:59]} 4. Nxd4
{[%clk 1:31:18]} a6 {[%clk 1:21:12]} 5. e4 {[%clk 1:28:35]} Qc7 {[%clk 1:20:26]}
6. g3 {[%clk 1:28:39]} Nc6 {[%clk 1:17:21]} 7. Nde2 {[%clk 1:28:19]} Nf6
{[%clk 1:15:33]} 8. Bg2 {[%clk 1:28:38]} d6 {[%clk 1:14:49]} 9. O-O
{[%clk 1:28:29]} Be7 {[%clk 1:15:09]} 10. h3 {[%clk 1:28:01]} O-O
{[%clk 1:11:06]} 11. a4 {[%clk 1:25:23]} Bd7 {[%clk 1:10:51]} 12. Be3
{[%clk 1:23:04]} Rac8 {[%clk 1:02:20]} 13. f4 {[%clk 1:16:57]} Rfd8
{[%clk 0:46:36]} 14. g4 {[%clk 1:10:28]} d5 {[%clk 0:31:09]} 15. exd5
{[%clk 0:50:06]} Be8 {[%clk 0:31:23]} 16. g5 {[%clk 0:40:01]} Nxd5
{[%clk 0:31:33]} 17. Nxd5 {[%clk 0:39:43]} exd5 {[%clk 0:31:57]} 18. c3
{[%clk 0:39:47]} Na5 {[%clk 0:27:52]} 19. b4 {[%clk 0:39:46]} Nc4
{[%clk 0:27:52]} 20. Bd4 {[%clk 0:39:58]} Bc6 {[%clk 0:14:47]} 21. Ng3
{[%clk 0:38:07]} Qd7 {[%clk 0:14:32]} 22. Qe2 {[%clk 0:33:45]} Re8
{[%clk 0:14:42]} 23. Qf2 {[%clk 0:34:05]} Bxa4 {[%clk 0:14:33]} 24. Nh5
{[%clk 0:34:29]} Bf8 {[%clk 0:14:50]} 25. Qg3 {[%clk 0:26:52]} Nd2
{[%clk 0:14:46]} 26. Rf2 {[%clk 0:26:22]} Nb3 {[%clk 0:11:57]} 27. Bxg7
{[%clk 0:26:38]} Nxa1 {[%clk 0:12:12]} 28. Nf6+ {[%clk 0:26:44]} Kxg7
{[%clk 0:12:37]} 29. Qh4 {[%clk 0:26:50]} Qf5 {[%clk 0:12:57]} 30. Bxd5
{[%clk 0:26:29]} Re1+ {[%clk 0:12:59]} 31. Kh2 {[%clk 0:26:59]} Bc6
{[%clk 0:13:14]} 32. c4 {[%clk 0:26:16]} Bxd5 {[%clk 0:13:35]} 33. cxd5
{[%clk 0:26:45]} Kh8 {[%clk 0:13:35]} 34. Rd2 {[%clk 0:26:50]} Bd6
{[%clk 0:07:28]} 0-1

[Event "escc2023_50"]
[Site "?"]
[Date "2023.06.03"]
[Round "9.13"]
[White "Katzir, Moshe"]
[Black "Sielicki, Tomasz"]
[Result "1-0"]
[BlackElo "1972"]
[WhiteElo "2150"]
[LiveChessVersion "1.4.8"]

1. e4 {[%clk 1:30:56]} e5 {[%clk 1:30:45]} 2. Nc3 {[%clk 1:30:52]} Nf6
{[%clk 1:31:03]} 3. d4 {[%clk 1:30:46]} exd4 {[%clk 1:30:56]} 4. Qxd4
{[%clk 1:31:05]} Nc6 {[%clk 1:30:51]} 5. Qd3 {[%clk 1:31:14]} Bb4
{[%clk 1:30:12]} 6. Bd2 {[%clk 1:31:14]} O-O {[%clk 1:28:25]} 7. O-O-O
{[%clk 1:30:33]} Re8 {[%clk 1:26:47]} 8. Nge2 {[%clk 1:16:50]} d6
{[%clk 1:20:25]} 9. Bg5 {[%clk 1:08:55]} h6 {[%clk 1:12:58]} 10. Bxf6
{[%clk 1:06:08]} Qxf6 {[%clk 1:11:39]} 11. Nd5 {[%clk 1:06:03]} Qd8
{[%clk 1:11:22]} 12. Kb1 {[%clk 0:54:53]} Be6 {[%clk 1:06:26]} 13. Nef4
{[%clk 0:42:34]} Bc5 {[%clk 1:00:27]} 14. Nxe6 {[%clk 0:36:23]} fxe6
{[%clk 0:56:48]} 15. Nf4 {[%clk 0:28:16]} Qf6 {[%clk 0:51:19]} 16. Qg3
{[%clk 0:24:19]} Ne5 {[%clk 0:42:29]} 17. Be2 {[%clk 0:20:15]} Re7
{[%clk 0:36:49]} 18. Rhf1 {[%clk 0:18:42]} Rf8 {[%clk 0:33:14]} 19. Nh3
{[%clk 0:16:37]} b5 {[%clk 0:29:25]} 20. Qb3 {[%clk 0:13:12]} c6 {[%clk 0:23:41]}
21. f4 {[%clk 0:12:53]} Nc4 {[%clk 0:23:40]} 22. Bxc4 {[%clk 0:12:40]} bxc4
{[%clk 0:24:06]} 23. Qxc4 {[%clk 0:12:16]} Rb7 {[%clk 0:23:42]} 24. e5
{[%clk 0:11:54]} Qg6 {[%clk 0:16:16]} 25. exd6 {[%clk 0:10:26]} Ba3
{[%clk 0:16:09]} 26. b3 {[%clk 0:10:29]} Rb4 {[%clk 0:11:41]} 27. Qc3
{[%clk 0:10:21]} c5 {[%clk 0:10:11]} 28. f5 {[%clk 0:08:49]} exf5
{[%clk 0:08:34]} 29. Nf4 {[%clk 0:08:47]} Qf7 {[%clk 0:08:31]} 30. Ne2
{[%clk 0:07:44]} c4 {[%clk 0:08:23]} 31. Nd4 {[%clk 0:07:48]} cxb3
{[%clk 0:08:10]} 32. axb3 {[%clk 0:08:10]} g6 {[%clk 0:05:41]} 33. Nc6
{[%clk 0:06:26]} Rb6 {[%clk 0:05:29]} 34. d7 {[%clk 0:06:16]} Rxc6
{[%clk 0:04:17]} 35. Qxc6 {[%clk 0:06:33]} Qg7 {[%clk 0:03:52]} 36. c3
{[%clk 0:06:22]} Qf7 {[%clk 0:03:23]} 37. Rd5 {[%clk 0:05:27]} Qe7
{[%clk 0:02:26]} 38. Qxg6+ {[%clk 0:05:26]} Kh8 {[%clk 0:02:25]} 39. Qxh6+
{[%clk 0:05:50]} Kg8 {[%clk 0:02:51]} 40. Qxf8+ {[%clk 0:05:56]} Qxf8
{[%clk 0:02:54]} 41. d8=Q {[%clk 0:06:16]} 1-0

[Event "escc2023_50"]
[Site "?"]
[Date "2023.06.03"]
[Round "9.15"]
[White "Bub, Volker"]
[Black "Contin, Daniel"]
[Result "0-1"]
[BlackElo "2231"]
[WhiteElo "2079"]
[LiveChessVersion "1.4.8"]

1. Nf3 {[%clk 1:28:24]} Nf6 {[%clk 1:30:42]} 2. g3 {[%clk 1:28:27]} b6
{[%clk 1:30:14]} 3. Bg2 {[%clk 1:28:52]} Bb7 {[%clk 1:30:39]} 4. O-O
{[%clk 1:29:16]} c5 {[%clk 1:31:04]} 5. d3 {[%clk 1:29:42]} g6 {[%clk 1:29:29]}
6. e4 {[%clk 1:26:56]} Bg7 {[%clk 1:29:56]} 7. Re1 {[%clk 1:26:11]} Nc6
{[%clk 1:30:19]} 8. c3 {[%clk 1:25:45]} O-O {[%clk 1:29:56]} 9. Nbd2
{[%clk 1:20:56]} Rc8 {[%clk 1:27:44]} 10. Nf1 {[%clk 1:18:17]} d6
{[%clk 1:25:32]} 11. h4 {[%clk 1:13:21]} b5 {[%clk 1:18:29]} 12. Bh3
{[%clk 1:11:57]} e6 {[%clk 1:15:40]} 13. Bf4 {[%clk 1:12:10]} b4 {[%clk 1:13:45]}
14. Qd2 {[%clk 1:11:58]} a5 {[%clk 1:11:12]} 15. N1h2 {[%clk 1:11:37]} Nh5
{[%clk 1:09:08]} 16. Bg5 {[%clk 1:10:25]} Qd7 {[%clk 1:09:21]} 17. d4
{[%clk 1:03:05]} bxc3 {[%clk 1:09:15]} 18. bxc3 {[%clk 1:03:29]} cxd4
{[%clk 1:09:40]} 19. cxd4 {[%clk 1:03:51]} Nb4 {[%clk 1:10:02]} 20. Bh6
{[%clk 1:01:14]} Nc2 {[%clk 1:05:10]} 21. Bxg7 {[%clk 0:58:09]} Kxg7
{[%clk 1:03:52]} 22. Rac1 {[%clk 0:53:42]} Nxe1 {[%clk 1:04:04]} 23. Rxe1
{[%clk 0:54:06]} f5 {[%clk 1:04:06]} 24. d5 {[%clk 0:52:06]} Nf6 {[%clk 0:50:16]}
25. dxe6 {[%clk 0:45:12]} Qxe6 {[%clk 0:50:33]} 26. Ng5 {[%clk 0:43:33]} Qd7
{[%clk 0:49:12]} 27. exf5 {[%clk 0:42:52]} Qc6 {[%clk 0:49:18]} 28. Re7+
{[%clk 0:27:10]} Kh8 {[%clk 0:46:13]} 29. Rxb7 {[%clk 0:23:59]} Qxb7
{[%clk 0:46:12]} 30. fxg6 {[%clk 0:24:05]} Qb1+ {[%clk 0:42:05]} 31. Kg2
{[%clk 0:24:27]} Rc2 {[%clk 0:29:58]} 32. Qd4 {[%clk 0:21:55]} hxg6
{[%clk 0:24:53]} 33. Ng4 {[%clk 0:21:09]} Qb4 {[%clk 0:20:46]} 34. Qa7
{[%clk 0:21:20]} Qb8 {[%clk 0:14:48]} 35. Nf7+ {[%clk 0:19:38]} Kg7
{[%clk 0:14:57]} 36. Qe3 {[%clk 0:14:22]} Qb7+ {[%clk 0:13:44]} 0-1

[Event "escc2023_50"]
[Site "?"]
[Date "2023.06.03"]
[Round "9.16"]
[White "Druckenthaner, Andreas"]
[Black "Llopis De Aysa, Manuel"]
[Result "1/2-1/2"]
[BlackElo "2018"]
[WhiteElo "2227"]
[LiveChessVersion "1.4.8"]

1. e4 {[%clk 1:30:54]} g6 {[%clk 1:30:54]} 2. d4 {[%clk 1:31:11]} Bg7
{[%clk 1:31:17]} 3. Nf3 {[%clk 1:31:32]} d6 {[%clk 1:31:42]} 4. Bc4
{[%clk 1:31:49]} Nf6 {[%clk 1:32:04]} 5. Nbd2 {[%clk 1:32:13]} O-O
{[%clk 1:31:13]} 6. Bb3 {[%clk 1:32:38]} Nc6 {[%clk 1:29:46]} 7. c3
{[%clk 1:32:27]} e5 {[%clk 1:28:13]} 8. dxe5 {[%clk 1:32:46]} Nxe5
{[%clk 1:27:17]} 9. Nxe5 {[%clk 1:33:08]} dxe5 {[%clk 1:27:40]} 10. O-O
{[%clk 1:33:30]} Qe7 {[%clk 1:24:46]} 11. Re1 {[%clk 1:28:26]} Rd8
{[%clk 1:15:33]} 12. Qe2 {[%clk 1:26:07]} Bh6 {[%clk 1:10:08]} 13. Nf1
{[%clk 1:12:24]} Bxc1 {[%clk 1:10:04]} 14. Raxc1 {[%clk 1:12:43]} c6
{[%clk 1:05:14]} 15. Rcd1 {[%clk 1:05:28]} Be6 {[%clk 0:59:50]} 16. Qe3
{[%clk 1:01:35]} Bxb3 {[%clk 0:36:18]} 17. axb3 {[%clk 1:01:51]} b6
{[%clk 0:34:37]} 18. Qg5 {[%clk 0:54:59]} Nd5 {[%clk 0:29:06]} 19. Qxe7
{[%clk 0:55:19]} Nxe7 {[%clk 0:29:34]} 20. Ne3 {[%clk 0:55:33]} f6
{[%clk 0:29:47]} 21. Kf1 1/2-1/2

[Event "escc2023_50"]
[Site "?"]
[Date "2023.06.03"]
[Round "9.17"]
[White "Minnican, Alan"]
[Black "Meessen, Rudolf"]
[Result "1/2-1/2"]
[BlackElo "2155"]
[WhiteElo "2052"]
[LiveChessVersion "1.4.8"]

1. e4 {[%clk 1:30:30]} e6 {[%clk 1:30:18]} 2. d4 {[%clk 1:30:19]} d5
{[%clk 1:30:41]} 3. exd5 {[%clk 1:30:23]} exd5 {[%clk 1:31:06]} 4. c4
{[%clk 1:30:49]} Bb4+ {[%clk 1:31:28]} 5. Nc3 {[%clk 1:31:13]} Ne7
{[%clk 1:31:25]} 6. Bd3 {[%clk 1:31:28]} dxc4 {[%clk 1:30:56]} 7. Bxc4
{[%clk 1:31:51]} O-O {[%clk 1:31:18]} 8. Nge2 {[%clk 1:30:19]} Nbc6
{[%clk 1:28:53]} 9. O-O {[%clk 1:29:28]} Bf5 {[%clk 1:24:20]} 10. a3
{[%clk 1:28:36]} Bd6 {[%clk 1:08:15]} 11. Nb5 {[%clk 1:27:40]} Ng6
{[%clk 1:08:32]} 12. Nxd6 {[%clk 1:27:01]} Qxd6 {[%clk 1:08:49]} 13. Be3
{[%clk 1:27:02]} Rad8 {[%clk 1:08:25]} 14. Rc1 {[%clk 1:21:17]} Qf6
{[%clk 0:59:18]} 15. b4 {[%clk 1:13:50]} Be4 {[%clk 0:54:51]} 16. Nc3
{[%clk 1:05:35]} Bf5 {[%clk 0:41:20]} 17. Qh5 {[%clk 0:48:06]} Nge7
{[%clk 0:36:20]} 18. d5 {[%clk 0:36:58]} Bg6 {[%clk 0:35:38]} 19. Qg5
{[%clk 0:32:58]} Ne5 {[%clk 0:33:47]} 20. Qxf6 {[%clk 0:30:06]} gxf6
{[%clk 0:34:16]} 21. Bc5 {[%clk 0:26:41]} Rfe8 {[%clk 0:33:43]} 22. Bb5
{[%clk 0:26:39]} c6 {[%clk 0:34:00]} 23. dxc6 {[%clk 0:26:12]} N7xc6
{[%clk 0:34:12]} 24. Rcd1 {[%clk 0:21:24]} Bc2 {[%clk 0:33:32]} 25. Rxd8
{[%clk 0:17:04]} Rxd8 {[%clk 0:33:56]} 26. Rc1 {[%clk 0:16:33]} Bd3
{[%clk 0:34:16]} 27. f4 {[%clk 0:13:10]} Ng6 {[%clk 0:26:51]} 1/2-1/2

[Event "escc2023_50"]
[Site "?"]
[Date "2023.06.03"]
[Round "9.18"]
[White "Cristiani, Cesare"]
[Black "Folk, Petr"]
[Result "1/2-1/2"]
[BlackElo "2135"]
[WhiteElo "2025"]
[LiveChessVersion "1.4.8"]

1. d4 {[%clk 1:30:57]} Nf6 {[%clk 1:30:45]} 2. c4 {[%clk 1:31:15]} g6
{[%clk 1:30:44]} 3. f3 {[%clk 1:31:37]} Bg7 {[%clk 1:30:33]} 4. e4
{[%clk 1:31:58]} d6 {[%clk 1:30:56]} 5. Nc3 {[%clk 1:32:21]} O-O {[%clk 1:31:17]}
6. Be3 {[%clk 1:32:45]} e5 {[%clk 1:31:35]} 7. dxe5 {[%clk 1:32:12]} dxe5
{[%clk 1:31:40]} 8. Qxd8 {[%clk 1:32:34]} Rxd8 {[%clk 1:32:09]} 9. Nd5
{[%clk 1:32:46]} Nxd5 {[%clk 1:26:25]} 10. cxd5 {[%clk 1:33:06]} c6
{[%clk 1:24:51]} 11. Bc4 {[%clk 1:33:29]} b5 {[%clk 1:19:11]} 12. Bb3
{[%clk 1:33:50]} Bb7 {[%clk 1:18:34]} 13. Rd1 {[%clk 1:26:22]} a5
{[%clk 1:08:33]} 14. Ne2 {[%clk 1:23:25]} a4 {[%clk 1:01:47]} 15. dxc6
{[%clk 1:23:41]} Nxc6 {[%clk 0:57:25]} 16. Bd5 {[%clk 1:23:27]} Bf8
{[%clk 0:47:19]} 1/2-1/2

[Event "escc2023_50"]
[Site "?"]
[Date "2023.06.03"]
[Round "9.19"]
[White "Roatta, Luca"]
[Black "Kirszenberg, Marc"]
[Result "0-1"]
[BlackElo "1984"]
[WhiteElo "2122"]
[LiveChessVersion "1.4.8"]

1. Nf3 {[%clk 1:30:57]} d5 {[%clk 1:30:50]} 2. d4 {[%clk 1:31:17]} Nf6
{[%clk 1:31:16]} 3. Bf4 {[%clk 1:31:34]} c5 {[%clk 1:31:35]} 4. e3
{[%clk 1:31:59]} Nc6 {[%clk 1:31:52]} 5. c3 {[%clk 1:32:20]} Qb6 {[%clk 1:32:17]}
6. b3 {[%clk 1:32:43]} Bf5 {[%clk 1:31:06]} 7. Bd3 {[%clk 1:32:43]} Bxd3
{[%clk 1:31:05]} 8. Qxd3 {[%clk 1:33:07]} e6 {[%clk 1:31:27]} 9. Nbd2
{[%clk 1:33:19]} Be7 {[%clk 1:31:11]} 10. h3 {[%clk 1:33:14]} O-O
{[%clk 1:31:16]} 11. O-O {[%clk 1:33:25]} Rac8 {[%clk 1:31:05]} 12. Ne5
{[%clk 1:31:04]} cxd4 {[%clk 1:29:48]} 13. exd4 {[%clk 1:31:26]} Nxe5
{[%clk 1:30:10]} 14. dxe5 {[%clk 1:31:46]} Nd7 {[%clk 1:30:31]} 15. c4
{[%clk 1:29:30]} Nc5 {[%clk 1:30:38]} 16. Qg3 {[%clk 1:29:39]} Rfd8
{[%clk 1:29:47]} 17. Rab1 {[%clk 1:24:11]} dxc4 {[%clk 1:26:05]} 18. Nxc4
{[%clk 1:23:28]} Qc6 {[%clk 1:16:22]} 19. Rbd1 {[%clk 1:15:53]} Ne4
{[%clk 1:01:29]} 20. Qg4 {[%clk 1:08:38]} Rxd1 {[%clk 0:52:05]} 21. Rxd1
{[%clk 1:08:51]} Nc3 {[%clk 0:52:08]} 22. Rd3 {[%clk 1:04:10]} Qe4
{[%clk 0:50:04]} 23. Re3 {[%clk 1:00:16]} Qb1+ {[%clk 0:50:22]} 24. Kh2
{[%clk 1:00:33]} Nd5 {[%clk 0:49:04]} 25. Bh6 {[%clk 0:59:36]} Qg6
{[%clk 0:48:52]} 26. Rg3 {[%clk 0:54:09]} Qxh6 {[%clk 0:48:58]} 27. Nd6
{[%clk 0:54:05]} Bxd6 {[%clk 0:47:23]} 28. exd6 {[%clk 0:54:32]} Rd8
{[%clk 0:45:05]} 29. Qa4 {[%clk 0:53:56]} a6 {[%clk 0:40:53]} 30. Rg4
{[%clk 0:52:50]} Qf6 {[%clk 0:40:23]} 31. d7 {[%clk 0:50:39]} Qe7
{[%clk 0:39:14]} 32. Qd4 {[%clk 0:47:06]} f6 {[%clk 0:39:21]} 33. Rh4
{[%clk 0:45:23]} Qxd7 {[%clk 0:38:38]} 34. Qg4 {[%clk 0:44:06]} f5
{[%clk 0:37:26]} 35. Qh5 {[%clk 0:43:47]} Nf6 {[%clk 0:37:19]} 36. Qg5
{[%clk 0:41:58]} Qd2 {[%clk 0:31:28]} 37. f4 {[%clk 0:41:32]} Rd4
{[%clk 0:27:47]} 38. a4 {[%clk 0:41:12]} a5 {[%clk 0:28:05]} 39. Qg3
{[%clk 0:40:11]} Ne4 {[%clk 0:25:34]} 40. Qf3 {[%clk 0:39:49]} Qf2
{[%clk 0:25:42]} 41. Qh5 {[%clk 0:39:35]} Qg3+ {[%clk 0:25:35]} 42. Kg1
{[%clk 0:39:55]} Nf6 {[%clk 0:26:00]} 43. Qe2 {[%clk 0:39:48]} Re4
{[%clk 0:25:06]} 0-1

[Event "escc2023_50"]
[Site "?"]
[Date "2023.06.03"]
[Round "9.21"]
[White "Fink-Nunn, Petra"]
[Black "Mileto, Gabriele"]
[Result "1/2-1/2"]
[BlackElo "2092"]
[WhiteElo "1970"]
[LiveChessVersion "1.4.8"]

1. e4 {[%clk 1:30:57]} c5 {[%clk 1:30:53]} 2. Nf3 {[%clk 1:31:20]} d6
{[%clk 1:31:17]} 3. d4 {[%clk 1:31:42]} cxd4 {[%clk 1:31:41]} 4. Nxd4
{[%clk 1:32:06]} Nf6 {[%clk 1:32:06]} 5. Nc3 {[%clk 1:32:28]} Nc6
{[%clk 1:32:26]} 6. Bc4 {[%clk 1:31:32]} e6 {[%clk 1:32:47]} 7. Be3
{[%clk 1:31:41]} a6 {[%clk 1:32:57]} 8. Qe2 {[%clk 1:31:44]} Be7 {[%clk 1:33:00]}
9. O-O-O {[%clk 1:31:43]} Qc7 {[%clk 1:33:17]} 10. Bb3 {[%clk 1:31:49]} O-O
{[%clk 1:31:58]} 11. g4 {[%clk 1:31:55]} Nxd4 {[%clk 1:30:52]} 12. Rxd4
{[%clk 1:32:05]} b5 {[%clk 1:31:04]} 13. g5 {[%clk 1:31:54]} Nd7 {[%clk 1:31:28]}
14. Rg1 {[%clk 1:28:06]} Bb7 {[%clk 1:31:19]} 1/2-1/2

[Event "escc2023_50"]
[Site "?"]
[Date "2023.06.03"]
[Round "9.22"]
[White "Mottonen, Ari"]
[Black "Mordiglia, Riccardo"]
[Result "0-1"]
[BlackElo "2073"]
[WhiteElo "1860"]
[LiveChessVersion "1.4.8"]

1. c4 {[%clk 1:30:57]} g6 {[%clk 1:30:31]} 2. Nc3 {[%clk 1:31:18]} Bg7
{[%clk 1:30:51]} 3. Nf3 {[%clk 1:31:34]} e5 {[%clk 1:30:10]} 4. d4
{[%clk 1:30:33]} d6 {[%clk 1:29:59]} 5. g3 {[%clk 1:29:34]} Nd7 {[%clk 1:25:19]}
6. Bg2 {[%clk 1:29:28]} Ne7 {[%clk 1:24:28]} 7. O-O {[%clk 1:29:35]} O-O
{[%clk 1:23:55]} 8. e4 {[%clk 1:29:09]} h6 {[%clk 1:16:28]} 9. h3
{[%clk 1:16:48]} Kh7 {[%clk 1:10:54]} 10. Be3 {[%clk 1:14:43]} c6
{[%clk 1:05:57]} 11. Qc2 {[%clk 1:12:05]} Qc7 {[%clk 1:05:04]} 12. Rac1
{[%clk 1:09:13]} Nb6 {[%clk 0:56:46]} 13. b3 {[%clk 1:06:20]} f5 {[%clk 0:54:27]}
14. dxe5 {[%clk 1:04:44]} dxe5 {[%clk 0:54:16]} 15. exf5 {[%clk 1:04:17]} gxf5
{[%clk 0:52:13]} 16. Bc5 {[%clk 0:57:23]} Be6 {[%clk 0:51:17]} 17. Rfe1
{[%clk 0:55:52]} Rf7 {[%clk 0:47:20]} 18. Rcd1 {[%clk 0:55:49]} Nbc8
{[%clk 0:47:04]} 19. Qe2 {[%clk 0:46:54]} e4 {[%clk 0:43:46]} 20. Nd4
{[%clk 0:45:45]} Qe5 {[%clk 0:39:38]} 21. Nxe6 {[%clk 0:45:34]} Qxe6
{[%clk 0:39:38]} 22. Qc2 {[%clk 0:44:35]} Qe5 {[%clk 0:30:16]} 23. Bd4
{[%clk 0:44:13]} Qc7 {[%clk 0:30:19]} 24. Be3 {[%clk 0:39:35]} Ng6
{[%clk 0:27:37]} 25. Ne2 {[%clk 0:38:29]} Nce7 {[%clk 0:24:00]} 26. Qd2
{[%clk 0:36:41]} Ng8 {[%clk 0:18:26]} 27. f3 {[%clk 0:29:56]} exf3
{[%clk 0:12:05]} 28. Bxf3 {[%clk 0:30:00]} Nf6 {[%clk 0:10:10]} 29. Nf4
{[%clk 0:28:01]} Ne5 {[%clk 0:09:08]} 30. Bg2 {[%clk 0:26:55]} Ne4
{[%clk 0:07:43]} 31. Qc2 {[%clk 0:25:33]} Nxg3 {[%clk 0:06:44]} 32. Ne6
{[%clk 0:23:54]} Qa5 {[%clk 0:03:36]} 33. Nxg7 {[%clk 0:23:31]} Kxg7
{[%clk 0:03:40]} 34. Bf4 {[%clk 0:23:32]} Ne4 {[%clk 0:03:13]} 35. Bxe4
{[%clk 0:23:13]} fxe4 {[%clk 0:03:35]} 36. Rxe4 {[%clk 0:22:55]} Ng6
{[%clk 0:03:23]} 37. Bg3 {[%clk 0:18:45]} Qf5 {[%clk 0:02:49]} 38. Qg2
{[%clk 0:18:23]} a5 {[%clk 0:02:16]} 39. Rf1 {[%clk 0:16:54]} Qxf1+
{[%clk 0:02:02]} 40. Qxf1 {[%clk 0:17:17]} Rxf1+ {[%clk 0:02:24]} 41. Kxf1
{[%clk 0:17:42]} a4 {[%clk 0:01:45]} 42. b4 {[%clk 0:14:54]} Rd8 {[%clk 0:30:17]}
43. Ke2 {[%clk 0:43:26]} Kf6 {[%clk 0:28:54]} 44. b5 {[%clk 0:31:56]} Kf5
{[%clk 0:24:17]} 45. Re3 {[%clk 0:31:35]} Rd4 {[%clk 0:21:01]} 46. bxc6
{[%clk 0:29:02]} bxc6 {[%clk 0:21:11]} 47. c5 {[%clk 0:27:52]} Rc4
{[%clk 0:11:40]} 48. Ra3 {[%clk 0:24:09]} h5 {[%clk 0:10:19]} 49. Kd3
{[%clk 0:22:05]} Re4 {[%clk 0:10:16]} 50. Rc3 {[%clk 0:21:36]} Nf4+
{[%clk 0:09:27]} 51. Bxf4 {[%clk 0:20:33]} Kxf4 {[%clk 0:07:53]} 52. Kd2
{[%clk 0:19:25]} h4 {[%clk 0:07:03]} 53. a3 {[%clk 0:19:17]} Ke5 {[%clk 0:06:56]}
54. Kd3 {[%clk 0:14:50]} Kd5 {[%clk 0:06:47]} 55. Rc1 {[%clk 0:14:59]} Rd4+
{[%clk 0:06:46]} 56. Ke3 {[%clk 0:15:20]} Rc4 {[%clk 0:06:51]} 57. Rg1
{[%clk 0:15:19]} Rc3+ {[%clk 0:06:43]} 58. Kd2 {[%clk 0:15:41]} Rxh3
{[%clk 0:05:00]} 59. Rg4 {[%clk 0:14:36]} Rxa3 {[%clk 0:02:57]} 60. Rxh4
{[%clk 0:14:53]} Kxc5 {[%clk 0:03:17]} 61. Kc2 {[%clk 0:14:28]} Kb5
{[%clk 0:03:38]} 62. Rh5+ {[%clk 0:14:00]} c5 {[%clk 0:03:58]} 63. Rh8
{[%clk 0:13:46]} Rg3 {[%clk 0:03:57]} 64. Rb8+ {[%clk 0:13:09]} Kc4
{[%clk 0:04:09]} 65. Ra8 {[%clk 0:13:24]} a3 {[%clk 0:02:53]} 66. Ra4+
{[%clk 0:13:33]} Kb5 {[%clk 0:03:16]} 67. Ra8 {[%clk 0:13:40]} Kb4
{[%clk 0:03:26]} 68. Rb8+ {[%clk 0:13:45]} Kc4 {[%clk 0:03:48]} 69. Rc8
{[%clk 0:12:40]} Rg2+ {[%clk 0:03:46]} 70. Kb1 {[%clk 0:12:59]} Kb4
{[%clk 0:03:55]} 71. Rb8+ {[%clk 0:13:10]} Kc3 {[%clk 0:04:06]} 72. Rh8
{[%clk 0:13:24]} Rb2+ {[%clk 0:04:05]} 73. Ka1 {[%clk 0:13:42]} Rd2
{[%clk 0:04:07]} 74. Rh3+ {[%clk 0:12:51]} Rd3 {[%clk 0:04:18]} 75. Rh8
{[%clk 0:13:02]} Rd2 {[%clk 0:03:46]} 76. Rh3+ {[%clk 0:13:08]} Kb4
{[%clk 0:04:05]} 77. Rh8 {[%clk 0:13:28]} c4 {[%clk 0:04:16]} 78. Rb8+
{[%clk 0:13:38]} Kc3 {[%clk 0:04:39]} 79. Rc8 {[%clk 0:13:38]} Rg2
{[%clk 0:03:59]} 80. Rc7 {[%clk 0:13:45]} Kb3 {[%clk 0:04:09]} 81. Rb7+
{[%clk 0:14:02]} Kc2 {[%clk 0:04:25]} 82. Rc7 {[%clk 0:13:09]} c3
{[%clk 0:04:34]} 83. Ka2 {[%clk 0:13:04]} Kd2 {[%clk 0:04:32]} 84. Kxa3
{[%clk 0:12:32]} Rg8 {[%clk 0:04:46]} 85. Rd7+ {[%clk 0:12:05]} Kc2
{[%clk 0:04:57]} 86. Rh7 {[%clk 0:11:58]} Ra8+ {[%clk 0:05:03]} 87. Kb4
{[%clk 0:12:14]} Kb2 {[%clk 0:05:15]} 88. Kc4 {[%clk 0:11:30]} c2
{[%clk 0:04:38]} 0-1

[Event "escc2023_50"]
[Site "?"]
[Date "2023.06.03"]
[Round "9.23"]
[White "Roversi, Stefano"]
[Black "Folkova, Martina"]
[Result "0-1"]
[BlackElo "2049"]
[WhiteElo "1607"]
[LiveChessVersion "1.4.8"]

1. c4 {[%clk 1:26:29]} e6 {[%clk 1:30:53]} 2. Nc3 {[%clk 1:26:33]} d5
{[%clk 1:31:17]} 3. cxd5 {[%clk 1:25:57]} exd5 {[%clk 1:31:43]} 4. Nf3
{[%clk 1:24:21]} Nf6 {[%clk 1:30:34]} 5. g3 {[%clk 1:22:45]} Be7 {[%clk 1:27:31]}
6. Bg2 {[%clk 1:22:53]} O-O {[%clk 1:26:50]} 7. d4 {[%clk 1:22:25]} Bf5
{[%clk 1:17:42]} 8. O-O {[%clk 1:20:46]} Nbd7 {[%clk 1:13:34]} 9. Nh4
{[%clk 1:15:49]} Be6 {[%clk 1:10:39]} 10. e4 {[%clk 0:59:58]} dxe4
{[%clk 1:07:29]} 11. Nxe4 {[%clk 0:43:42]} Nxe4 {[%clk 0:51:53]} 12. Bxe4
{[%clk 0:40:41]} Bxh4 {[%clk 0:51:26]} 13. gxh4 {[%clk 0:35:34]} Qxh4
{[%clk 0:48:19]} 14. Qf3 {[%clk 0:28:17]} c6 {[%clk 0:44:53]} 15. Bf4
{[%clk 0:25:36]} Nf6 {[%clk 0:42:26]} 16. Bg3 {[%clk 0:23:32]} Qxe4
{[%clk 0:42:36]} 0-1

[Event "escc2023_50"]
[Site "?"]
[Date "2023.06.03"]
[Round "9.24"]
[White "Cmiel, Thorsten"]
[Black "Dube, Dimitri"]
[Result "1/2-1/2"]
[BlackElo "1982"]
[WhiteElo "2046"]
[LiveChessVersion "1.4.8"]

1. d4 {[%clk 1:30:52]} Nc6 {[%clk 1:30:52]} 2. Nf3 {[%clk 1:31:17]} d5
{[%clk 1:31:15]} 3. g3 {[%clk 1:31:09]} Bg4 {[%clk 1:31:38]} 4. Bg2
{[%clk 1:31:35]} Qd7 {[%clk 1:32:02]} 5. h3 {[%clk 1:31:51]} Bh5 {[%clk 1:30:22]}
6. a4 {[%clk 1:23:52]} e6 {[%clk 1:30:20]} 7. c3 {[%clk 1:24:14]} f5
{[%clk 1:30:18]} 8. b4 {[%clk 1:24:12]} a6 {[%clk 1:29:38]} 9. Bf4
{[%clk 1:21:55]} Nf6 {[%clk 1:29:32]} 10. Nbd2 {[%clk 1:22:06]} Bd6
{[%clk 1:26:52]} 11. O-O {[%clk 1:14:33]} O-O {[%clk 1:27:02]} 12. Nb3
{[%clk 1:10:26]} b6 {[%clk 1:25:26]} 13. a5 {[%clk 1:04:49]} Ne4 {[%clk 1:22:33]}
14. Qd3 {[%clk 1:03:33]} b5 {[%clk 1:17:50]} 15. Ne5 {[%clk 0:58:03]} Bxe5
{[%clk 1:16:10]} 16. Bxe5 {[%clk 0:58:28]} Nd6 {[%clk 1:03:31]} 17. Nc5
{[%clk 0:55:15]} Qe7 {[%clk 1:03:28]} 18. f4 {[%clk 0:51:22]} Nb8
{[%clk 1:02:58]} 19. Bf3 {[%clk 0:42:49]} Bxf3 {[%clk 0:57:32]} 20. exf3
{[%clk 0:42:44]} Nc4 {[%clk 0:55:21]} 21. Rae1 {[%clk 0:39:04]} Rf7
{[%clk 0:46:34]} 22. Re2 {[%clk 0:30:56]} Nd7 {[%clk 0:42:30]} 23. Nxd7
{[%clk 0:27:29]} Qxd7 {[%clk 0:42:42]} 24. Rfe1 {[%clk 0:27:53]} Re8
{[%clk 0:41:31]} 25. h4 {[%clk 0:24:41]} Ree7 {[%clk 0:36:30]} 26. h5
{[%clk 0:24:46]} h6 {[%clk 0:36:52]} 27. Rg2 {[%clk 0:23:56]} Kf8
{[%clk 0:36:46]} 28. g4 {[%clk 0:22:06]} fxg4 {[%clk 0:35:13]} 29. fxg4
{[%clk 0:19:38]} Nxe5 {[%clk 0:34:41]} 30. fxe5 {[%clk 0:19:59]} Ke8
{[%clk 0:34:22]} 31. Rf1 {[%clk 0:20:02]} Rxf1+ {[%clk 0:33:20]} 32. Qxf1
{[%clk 0:20:30]} Rf7 {[%clk 0:33:03]} 33. Rf2 {[%clk 0:20:42]} Rxf2
{[%clk 0:32:57]} 34. Kxf2 {[%clk 0:20:42]} Qe7 {[%clk 0:31:57]} 35. Kg3
{[%clk 0:20:20]} Qg5 {[%clk 0:31:07]} 36. Qf4 {[%clk 0:20:37]} Ke7
{[%clk 0:30:36]} 1/2-1/2